|
|
|
|
| LEADER |
03290nam a2200757 a 4500 |
| 001 |
nkc20091967161 |
| 003 |
CZ PrNK |
| 005 |
20170208235009.0 |
| 007 |
ta |
| 008 |
090728s2009 xr aceff 000 0 cze |
| 015 |
|
|
|a cnb001967161
|
| 020 |
|
|
|a 978-80-7028-333-2
|q (váz.)
|
| 035 |
|
|
|a (OCoLC)455846835
|
| 040 |
|
|
|a ABA001
|b cze
|
| 041 |
1 |
|
|a cze
|a eng
|b cze
|b eng
|h cze
|
| 043 |
|
|
|a e-xr---
|b e-xr-jm
|2 czenas
|
| 072 |
|
7 |
|a 902
|x Archeologie
|2 Konspekt
|9 8
|
| 080 |
|
|
|a 902.2
|2 MRF
|
| 080 |
|
|
|a 903.2
|2 MRF
|
| 080 |
|
|
|a 903.4
|2 MRF
|
| 080 |
|
|
|a 903"632"
|2 MRF
|
| 080 |
|
|
|a 903'12
|2 MRF
|
| 080 |
|
|
|a 903.21-032.5
|2 MRF
|
| 080 |
|
|
|a 572.71/.781:902
|2 MRF
|
| 080 |
|
|
|a 591.471.3.071.22
|2 MRF
|
| 080 |
|
|
|a (437.322)
|2 MRF
|
| 080 |
|
|
|a (048.8)
|2 MRF
|
| 080 |
|
|
|a (062.552)
|2 MRF
|
| 100 |
1 |
|
|a Oliva, Martin,
|d 1951-
|7 ola2004228924
|4 aut
|4 edt
|
| 245 |
1 |
0 |
|a Sídliště mamutího lidu u Milovic pod Pálavou :
|b otázka struktur s mamutími kostmi = Milovice: site of the mammoth people below the Pavlov Hills : the question of mammoth bone structures /
|c Martin Oliva (ed.) a kol.
|
| 246 |
3 |
1 |
|a Milovice: site of the mammoth people below the Pavlov Hills
|
| 250 |
|
|
|a Vyd. 1.
|
| 260 |
|
|
|a Brno :
|b Moravské zemské muzeum,
|c 2009
|
| 300 |
|
|
|a 327 s., x s. barev. obr. příl. :
|b il., portréty, plány ;
|c 31 cm
|
| 490 |
1 |
|
|a Anthropos : studies in anthropology, palaeoethnology, palaeontology and quaternary geology ;
|v vol. 27, N.S. 19, 2009
|
| 500 |
|
|
|a 450 výt.
|
| 504 |
|
|
|a Obsahuje bibliografii
|
| 546 |
|
|
|a Část. souběžný anglický text, část. anglický text, česká a anglická resumé
|
| 650 |
0 |
7 |
|a archeologické výzkumy
|7 ph118577
|z Česko
|2 czenas
|
| 650 |
0 |
7 |
|a archeologické nálezy
|7 ph137683
|z Česko
|2 czenas
|
| 650 |
0 |
7 |
|a sídliště (archeologie)
|7 ph137685
|z Česko
|y paleolit
|2 czenas
|
| 650 |
0 |
7 |
|a lovci mamutů
|7 ph115179
|2 czenas
|
| 650 |
0 |
7 |
|a kamenné nástroje
|7 ph139244
|z Česko
|y paleolit
|2 czenas
|
| 650 |
0 |
7 |
|a kosterní pozůstatky člověka
|7 ph196690
|z Česko
|2 czenas
|
| 650 |
0 |
7 |
|a kosterní pozůstatky živočichů
|7 ph239919
|z Česko
|2 czenas
|
| 650 |
0 |
9 |
|a excavations (archaeology)
|z Czechia
|2 eczenas
|
| 650 |
0 |
9 |
|a antiquities
|z Czechia
|2 eczenas
|
| 650 |
0 |
9 |
|a settlements
|z Czechia
|y paleolithic period
|2 eczenas
|
| 650 |
0 |
9 |
|a mammoth hunters
|2 eczenas
|
| 650 |
0 |
9 |
|a stone implements
|z Czechia
|y paleolithic period
|2 eczenas
|
| 650 |
0 |
9 |
|a human remains (archaeology)
|z Czechia
|2 eczenas
|
| 650 |
0 |
9 |
|a animal remains (archaeology)
|z Czechia
|2 eczenas
|
| 651 |
|
7 |
|a Milovice (Břeclav, Česko)
|7 ge442653
|2 czenas
|
| 651 |
|
9 |
|a Milovice (Břeclav, Czechia)
|2 eczenas
|
| 655 |
|
7 |
|a studie
|7 fd133597
|2 czenas
|
| 655 |
|
7 |
|a sborníky
|7 fd724344
|2 czenas
|
| 655 |
|
9 |
|a studies
|2 eczenas
|
| 655 |
|
9 |
|a papers
|2 eczenas
|
| 830 |
|
0 |
|a Anthropos (Moravské zemské muzeum)
|0 s
|
| 856 |
4 |
1 |
|u http://www.digitalniknihovna.cz/mzk/uuid/uuid:e0752960-d2bf-11e6-b32e-005056827e52
|y Digitalizovaný dokument
|x NDK
|
| 910 |
2 |
|
|a BOA001
|b 4-1227.258
|
| 990 |
|
|
|a BK
|
| 995 |
|
|
|a 01
|
| 991 |
|
|
|b 200908
|c NOV
|j 902 OLI
|
| 996 |
6 |
|
|b 2610384430
|c 4-1227.258
|l MZK
|r Sklad / do 1 hodiny
|n 2
|p p.v.
|w 001091088
|u 000010
|a 1
|e BOA001
|j MZK50
|s P
|
| 996 |
7 |
|
|b 2610384431
|c 4-1227.258
|l MZK
|r Sklad / do 1 hodiny
|n 19
|p p.v.
|w 001091088
|u 000020
|a 1
|e BOA001
|j MZK50
|s A
|